| 000 | 00599nam a2200181 i 4500 | ||
|---|---|---|---|
| 001 | 110650 | ||
| 003 | ES-MaACL | ||
| 005 | 20250822063156.0 | ||
| 007 | t| | ||
| 008 | 070207s1850 fr ||||1| fre d | ||
| 100 | 1 |
_aChampagnac, Jean-Baptiste-Joseph, _d1798-1858 _937908 |
|
| 245 | 1 | 3 |
_aLe voyageur de la jeunesse dans les cinq parties du monde / _cpar Champagnac et Olivier. |
| 260 |
_aParis : _bBelin-Leprieur et Morizot, _c[1850?] |
||
| 300 |
_aXI, 644 p. : _bil. ; _c24 cm. |
||
| 700 | 1 |
_aOlivier, Jean de Dieu d'. _9130634 |
|
| 852 |
_aES-MaACL _jC-1514 |
||
| 999 |
_c110650 _d110650 |
||